[Event "Kathmandu Open 2018"]
[Site "Kathmandu"]
[Date "2018.04.16"]
[Round "8"]
[White "Srijit Paul"]
[Black "Greenfeld, Alon"]
[Result "0-1"]
[WhiteElo "2351"]
[BlackElo "2490"]
[Annotator "TA"]
[PlyCount "68"]
[EventDate "2018.??.??"]
[EventType "swiss"]
[EventCountry "NEP"]
[SourceTitle "playchess.com"]
[Source "ChessBase"]
[SourceQuality "1"]

{[%evp 30,68,0,0,28,18,32,32,61,28,38,42,28,5,24,29,27,-1,0,0,0,-4,43,0,0,-147,-141,-196,-163,-444,-436,-431,-391,-456,-425,-596,-444,-429,-412,-29991,-29992]} 1. e4 c5 2. Nf3 d6 3. d4 cxd4 4. Nxd4 Nf6 5. Nc3 Nc6 6. Be2 e5 7. Nf3 h6 8. O-O Be7 9. Re1 O-O 10. h3 a6 11. a4 Be6 12. Bf1 Qc7 13. Nd5 {B58: Classical Sicilian: 6 Be2} Bxd5 14. exd5 Nb4 15. c4 a5 16. Bd2 {LiveBook: 3 Games} Rfe8 17. Ra3 $146 ({Predecessor:} 17. Rc1 Nd7 18. Bxb4 axb4 19. Bd3 Nc5 20. b3 g6 {0-1 (49) Mijovic,S (2300)-Jankovic,A (2571) Budva 2009}) 17... Qd7 18. Nh2 Qf5 19. Ng4 Nxg4 20. hxg4 Qg6 21. Rh3 Bg5 {[%cal Be7g5,Bg5f4,Bf4e5,Be5d4][%mdl 32]} 22. Bxb4 axb4 23. Qb3 (23. Bd3 $5 {[%cal Rd3g6]} e4 24. Bb1 $11) 23... e4 24. Qxb4 Qf6 25. Be2 Bf4 26. b3 ({Don't play} 26. Qxb7 Rab8 $15) 26... Qb2 {And now ...Bd2 would win.} 27. Qb6 {[#]} (27. Bf1 $1 $11 {was the only way to keep the balance.}) 27... Rxa4 $1 $17 28. g3 (28. Bf1 $17) 28... Be5 29. Qxb7 $2 (29. Qb5 Raa8 30. Bf1) 29... Ra1 $19 30. Rxa1 Qxa1+ 31. Bf1 Bd4 32. Qd7 (32. Qb5 $142 Ra8 33. c5) 32... Re5 33. Rh5 {[#] Strongly threatening Rxe5.} Qc3 $1 {[%cal Rc3g3] ( -> ...Qxg3+)} 34. Rxe5 (34. Kh2 $19 Bxf2 35. Qd8+ Kh7 36. Qh4) 34... Qxg3+ $1 {Precision: White = 35%, Black = 71%.} 0-1

[Event "Kathmandu Open 2018"]
[Site "Kathmandu"]
[Date "2018.04.16"]
[Round "8"]
[White "Deshmukh, Anup"]
[Black "Dahal, Sushrut"]
[Result "1-0"]
[WhiteElo "2282"]
[BlackElo "1792"]
[Annotator "TA"]
[PlyCount "61"]
[EventDate "2018.??.??"]
[EventType "swiss"]
[EventCountry "NEP"]
[SourceTitle "playchess.com"]
[Source "ChessBase"]
[SourceQuality "1"]

{[%evp 16,61,34,31,56,15,25,22,106,106,103,118,345,343,345,292,297,264,289,235,254,150,312,321,339,322,386,366,440,430,516,439,704,654,571,426,574,557,704,696,691,688,724,733,778,762,735,662]} 1. c4 c6 2. Nc3 e6 3. e3 d5 4. Nf3 Nf6 5. b3 Nbd7 6. Bb2 Be7 7. d4 O-O 8. Bd3 Re8 9. Qc2 {LiveBook: 4 Games} Bd6 {D45: Semi-Slav: 5 e3} (9... Nf8 10. O-O Bd6 11. Ne5 N6d7 12. f4 f5 13. Kh1 Nf6 14. c5 Bc7 15. b4 a6 16. a4 Bd7 17. Qe2 {1-0 (53) Sulava,N (2452)-Mrkonjic,N (2351) Mali Losinj 2017}) 10. O-O-O e5 11. cxd5 $146 ({Predecessor:} 11. Bf5) 11... exd4 (11... cxd5 $11 12. Nb5 Bb8 13. dxe5 Nxe5) 12. Nxd4 $16 cxd5 {[#]} 13. Ndb5 $1 {[%cal Rb5d6]} Bb8 $2 {[#]} (13... Nf8 $16) 14. Nxd5 $1 $18 {[%mdl 512]} Ne5 (14... Nxd5 15. Bxh7+) 15. Nxf6+ Qxf6 16. Bxh7+ Kh8 17. f4 Qh6 {Threatening ...Ng4.} 18. Bf5 ({Much less strong is} 18. fxe5 $6 Qxh7 19. Qxh7+ Kxh7 $16) (18. Bxe5 $18 Qxh7 19. Qxh7+ Kxh7 20. Bxb8 Rxb8 21. Rhe1 (21. Nxa7 Bf5 $18)) 18... Nc6 $2 (18... Ng4 $16 {was necessary.}) 19. Bxc8 Rxc8 20. Kb1 a6 21. Nd4 Ne7 22. Qe4 {White is clearly winning.} Bd6 23. g4 Rc5 (23... Re8 $142 24. Qxb7 Kg8) 24. h4 {[%cal Bh2h4,Bh4h5,Bh5h6][%mdl 32]} Qh7 25. Qxh7+ Kxh7 26. Nf3 Rc6 27. h5 Bc5 28. Rd7 Re8 29. Ne5 Re6 30. Nxf7 {Strongly threatening Ng5+.} Rxe3 31. h6 {Precision: White = 78%, Black = 19%.} 1-0

[Event "Kathmandu Open 2018"]
[Site "Kathmandu"]
[Date "2018.04.16"]
[Round "8"]
[White "Thing, Bibek"]
[Black "Shubham Shukla"]
[Result "1-0"]
[WhiteElo "2263"]
[BlackElo "1838"]
[Annotator "TA"]
[PlyCount "110"]
[EventDate "2018.??.??"]
[EventType "swiss"]
[EventCountry "NEP"]
[SourceTitle "playchess.com"]
[Source "ChessBase"]
[SourceQuality "1"]

{[%evp 9,110,42,76,69,76,75,62,55,68,43,34,29,59,46,126,124,145,145,159,162,150,147,147,79,149,43,63,46,59,19,10,24,83,73,121,140,165,127,210,204,291,281,462,290,415,118,116,125,111,124,192,178,256,214,234,149,404,404,424,336,333,358,419,268,219,210,197,186,487,224,217,124,153,153,181,178,185,175,284,218,191,8,8,8,8,10,179,72,79,71,129,8,177,-537,-489,-387,140,140,140,140,140,140,29979]} 1. e4 c5 2. Nf3 e6 3. g3 Nc6 4. Bg2 Nge7 (4... Nf6 5. d3 d5 6. Nbd2 Be7 7. O-O O-O 8. Re1 b5 9. e5 Nd7 10. Nf1 Bb7 11. h4 Qc7 12. Bf4 Rfc8 13. Ne3 Qd8 14. Ng4 Bf8 15. Bg5 Qe8 16. c3 h6 17. Bf4 a5 18. Qd2 b4 19. c4 Ne7 20. h5 {1-0 (59) Kuzubov,Y (2699)-Grischuk,A (2772) Riadh 2017}) 5. O-O Ng6 6. c3 {[%cal Bc2c3,Bc3d4][%mdl 32] B40: Sicilian: 2...e6, Unusual lines} Be7 7. d4 cxd4 8. cxd4 {White is slightly better.} d5 9. exd5 exd5 10. Nc3 O-O $146 ({Find the theoretical novelty and annotate with similar games:} 10... Be6 11. a3 {½-½ (50) Bonnerjee,M-Cochrane,J Calcutta 1850}) 11. Qb3 Bf6 ({Black should try} 11... Be6 $14) 12. Nxd5 $16 Nxd4 13. Nxf6+ Qxf6 14. Nxd4 Qxd4 15. Be3 Qf6 16. Rac1 (16. Rad1 $142) 16... Be6 (16... Ne5 $142) 17. Qa3 (17. Qxb7 $16 {Black must now prevent b3.} Bxa2 18. Bxa7) 17... Ne5 $14 18. Bc5 Rfe8 19. Bxb7 Rab8 20. Bg2 Nc4 (20... Rxb2 $11 {remains equal.} 21. Qc3 Rc8) 21. Qxa7 {aiming for Bd4.} Qxb2 22. Bd4 Qd2 23. Bc3 Qh6 (23... Qd7 $16 24. Qxd7 Bxd7 25. Bxg7 Kxg7) 24. a4 Rbd8 (24... Nd2 $142) 25. Rfe1 Rd7 $2 (25... Rc8 26. a5 Nd2) 26. Qa6 Red8 (26... Rb8 $142 27. Bb4 Rd4) 27. Ba5 $2 (27. Bb4 $18 {and White stays clearly on top.}) 27... Rd6 $16 28. Qb5 Nxa5 29. Qxa5 $40 {[%mdl 128] White is out for blood.} Rd2 (29... Qf6 $16 {keeps fighting.}) 30. Qb6 Qg5 (30... Qf6 $142 31. a5 Rb2) 31. a5 $18 R2d6 32. Qc5 Qd2 $2 {[%mdl 8192]} (32... Qxc5 $16 33. Rxc5 Bc8) 33. Bf3 Bb3 34. Qb5 {Re8+ would kill now.} Re6 35. Rf1 $1 Qa2 36. Ra1 Bc4 {And now ...Qxa1 would win.} 37. Qc5 Qb3 38. Rfd1 Rde8 $2 (38... Rxd1+ {is more resistant.} 39. Rxd1 Re8) 39. Kg2 (39. Bc6 $142 h6 40. Ba4 Re1+ 41. Rxe1 Rxe1+ 42. Rxe1 Qxa4 43. Qd4) 39... Ba6 40. Qd5 (40. Rdb1 $18 Qc4 41. Qxc4 Bxc4 42. Rb6) 40... Qc3 41. Rac1 Qf6 42. Rc6 h6 43. Rxe6 fxe6 (43... Qxe6 {might work better.} 44. Qxe6 Rxe6 45. Rd8+ Kh7) 44. Qc6 Rf8 45. Re1 $2 ({Better is} 45. Qe4 $18) 45... Bc4 $1 $11 46. Re3 Bd5 $1 {[%cal Rd5c6]} 47. Qc3 Qg5 $2 (47... Qf5 $11) 48. a6 (48. Bxd5 $1 $18 Qxd5+ 49. Kg1) 48... Rxf3 $16 49. Rxf3 {[%mdl 4096] Endgame Kg1 is the strong threat. KQR-KQB} Qf5 {[#]} (49... Qg4 $142) 50. h4 (50. Qa3 $1 $16) 50... g5 $2 (50... Qf8 $11 {and Black stays safe.}) 51. hxg5 $4 {[%mdl 8192]} (51. a7 $18 {was the only winning move.} g4 52. a8=Q+ (52. Qc8+ Kh7 $11) 52... Bxa8 53. Qc8+ Kg7 54. Qxa8 (54. Qd7+ Kg6 $16) 54... gxf3+ 55. Qxf3) 51... hxg5 $19 52. a7 {[#]} g4 $2 ({Black should play} 52... Kh7 $1 $19 {Hoping for ...Kg6.} 53. Kg1 Qxf3 54. Qxf3 Bxf3) 53. a8=Q+ {White is clearly better.} ({Don't blunder} 53. Qc8+ $2 Kh7 $19) 53... Bxa8 54. Qc8+ Kg7 55. Qxa8 Qxf3+ $4 {[%mdl 8192] Precision: White = 37%, Black = 25%.} (55... gxf3+ $16 56. Qxf3 Qg5 57. Qb7+ Kf6) 1-0

[Event "Kathmandu Open 2018"]
[Site "Kathmandu"]
[Date "2018.04.16"]
[Round "8"]
[White "Neelash Saha"]
[Black "Navalgund, Niranjan"]
[Result "1-0"]
[WhiteElo "2212"]
[BlackElo "2286"]
[Annotator "RC"]
[PlyCount "119"]
[EventDate "2018.??.??"]
[EventType "swiss"]
[EventCountry "NEP"]
[SourceTitle "playchess.com"]
[Source "ChessBase"]
[SourceQuality "1"]
[TimeControl "5400+30"]

1. d4 Nf6 2. c4 e6 3. g3 d5 4. Nf3 Bb4+ 5. Bd2 Be7 6. Bg2 O-O 7. O-O c6 8. Qc2 b6 9. a4 a5 10. cxd5 cxd5 11. Rc1 Na6 12. Na3 Bb7 13. Qb3 Ne4 14. Be1 Nb4 15. Nb5 Rc8 16. Ne5 Nf6 17. Bd2 Ne4 18. Rxc8 Qxc8 19. Bf4 g5 20. Rc1 Qd8 21. Be3 Nd6 22. Bd2 Nxb5 23. axb5 Qd6 24. h4 f6 25. Bxb4 axb4 26. Nc6 gxh4 27. gxh4 Rc8 28. Nxe7+ Qxe7 29. Qg3+ Kf7 30. Ra1 Ra8 31. Rxa8 Bxa8 32. Qb8 Bb7 33. Bh3 e5 34. Bf5 Kg7 35. e3 Kh6 36. Kg2 Qg7+ 37. Kh3 Qe7 38. Qg8 b3 39. Qh8 exd4 40. exd4 Qg7 41. Qxg7+ Kxg7 42. Kg4 Kh6 43. Bd7 Kg6 44. Kf4 Kh5 45. Bc6 Bc8 46. Bxd5 Kxh4 47. Bc6 Kh3 48. d5 Kg2 49. Ke3 Kf1 50. d6 f5 51. d7 f4+ 52. Kxf4 Bxd7 53. Bxd7 Kxf2 54. Be6 Ke2 55. Bxb3 Kd2 56. Ke5 Kc1 57. Kd6 Kxb2 58. Bf7 Kc3 59. Kc6 Kb4 60. Kxb6 1-0

[Event "Kathmandu Open 2018"]
[Site "Kathmandu"]
[Date "2018.04.16"]
[Round "8"]
[White "Jaiswal, Rupesh"]
[Black "Patil, Pratik"]
[Result "1/2-1/2"]
[WhiteElo "2121"]
[BlackElo "2258"]
[Annotator "ChessBase"]
[PlyCount "56"]
[EventDate "2018.??.??"]
[EventType "swiss"]
[EventCountry "NEP"]
[SourceTitle "playchess.com"]
[Source "ChessBase"]
[SourceQuality "1"]
[TimeControl "5400+30"]

1. d4 Nf6 2. Nf3 g6 3. Bf4 Bg7 4. e3 O-O 5. Be2 d5 6. O-O c5 7. c3 b6 8. Nbd2 Bb7 9. h3 Nc6 10. Ne5 Nd7 11. Nxd7 Qxd7 12. Nf3 Rfe8 13. Bb5 a6 14. Ne5 Qc8 15. Bxc6 Bxc6 16. Qb3 Bb5 17. Rfd1 c4 18. Qc2 f6 19. Nf3 e5 20. Bg3 e4 21. Nd2 Ra7 22. a4 Bc6 23. b3 Qe6 24. bxc4 dxc4 25. Rdb1 Rb7 26. Qd1 f5 27. Qe2 b5 28. axb5 axb5 {-error} 1/2-1/2

[Event "Kathmandu Open 2018"]
[Site "Kathmandu"]
[Date "2018.04.16"]
[Round "8"]
[White "Saptorshi Gupta"]
[Black "Gusain, Himal"]
[Result "0-1"]
[WhiteElo "2080"]
[BlackElo "2413"]
[Annotator "TA"]
[PlyCount "84"]
[EventDate "2018.??.??"]
[EventType "swiss"]
[EventCountry "NEP"]
[SourceTitle "playchess.com"]
[Source "ChessBase"]
[SourceQuality "1"]

{[%evp 17,84,20,25,0,7,-14,-8,-158,-52,-43,-31,-34,-16,-10,0,-4,-11,-20,0,-12,-13,-15,-8,-17,-9,-9,-12,-9,0,0,0,-40,-40,-39,-20,-34,-15,-10,-10,-25,-29,-67,0,0,0,-97,-48,-48,-47,-52,-40,-67,-54,-108,-114,-127,-83,-162,-115,-132,-133,-133,-87,-139,-135,-130,-130,-1006,-997]} 1. e4 c5 2. Ne2 Nc6 3. g3 e6 4. Bg2 d5 5. exd5 exd5 6. d4 cxd4 7. Nxd4 Nf6 8. O-O Be7 9. Nc3 O-O {LiveBook: 46 Games} 10. Nde2 {[%cal Rc3d5] B24: Closed Sicilian: 3 g3 sidelines} (10. Be3 Ne5 11. Bf4 Nc6 12. Re1 Bg4 13. Qd2 Rc8 14. h3 Bd7 15. Nb3 Be6 16. Rad1 Qd7 17. Kh2 Rfd8 {1-0 (47) Matlakov,M (2707)-Sadikhov,U (2477) Batumi 2018}) 10... d4 $146 ({Predecessor:} 10... Bg4 11. h3 Be6 12. Nd4 Nxd4 13. Qxd4 Qd7 14. Kh2 Rac8 15. Qxa7 Rc4 16. Nd1 Bc5 17. Qa5 Bb4 {0-1 (43) Truszkiewicz,E (2000)-Socha,A (2105) Krynica 2003}) 11. Nb5 {[%cal Re2d4]} Bc5 12. b3 {[#]} ({Better is} 12. Bg5 $11) 12... Bg4 (12... Re8 $1 $17 13. Nf4 Bg4) 13. h3 $15 Bxe2 14. Qxe2 Re8 15. Qc4 Qb6 16. Ba3 Bxa3 17. Nxa3 a6 18. Qd3 Qc5 19. Nc4 b5 20. Nb2 Rac8 21. Qd1 Nb4 22. Nd3 Qc3 23. Nxb4 Qxb4 24. Qd3 Rc3 25. a3 {[#]} Qxb3 $1 {[%mdl 512] And now ...Qa4 would win.} 26. Qxd4 (26. cxb3 Rxd3) 26... Rxc2 27. Rfb1 Qe6 28. a4 Rc4 29. Qd1 Qb6 (29... Ne4 $15 30. Bxe4 Rxe4 31. axb5 axb5 32. Rxb5 Qxh3) 30. axb5 $11 axb5 31. Bf1 (31. Qd3 $11 Rc5 32. Bf1) 31... Rd4 32. Qf3 b4 $36 {[%mdl 2048] Black has some pressure.} 33. Ra6 Qc5 34. Rc6 Qe7 $1 35. Rb6 ({White should play} 35. Rbc1 $15) 35... Nd5 $17 36. Ra6 h6 37. Rb3 (37. Rd1 $17 Rxd1 38. Qxd1) 37... Qc5 38. Rd3 {[#]} Rxd3 $1 39. Qxd3 Rb8 {White must now prevent ...b3.} 40. Qb3 (40. Qe4 $142) 40... Nc3 41. h4 Rc8 42. Rg6 $2 {[%mdl 8192]} (42. Ra1 $17) 42... Ne4 {Precision: White = 35%, Black = 40%.} 0-1

[Event "Kathmandu Open 2018"]
[Site "Kathmandu"]
[Date "2018.04.16"]
[Round "8"]
[White "Prudhvi Kumar V"]
[Black "Gajwa Ankit"]
[Result "0-1"]
[WhiteElo "1836"]
[BlackElo "2292"]
[Annotator "NA RC"]
[PlyCount "64"]
[EventDate "2018.??.??"]
[EventType "swiss"]
[EventCountry "NEP"]
[SourceTitle "playchess.com"]
[Source "ChessBase"]
[SourceQuality "1"]
[TimeControl "5400+30"]

1. Nf3 Nf6 2. c4 g6 3. g3 Bg7 4. Bg2 O-O 5. d4 d6 6. O-O Nbd7 7. Nc3 e5 8. e4 c6 9. b3 exd4 10. Nxd4 Re8 11. Re1 Nc5 12. h3 a5 13. Bf4 Nh5 14. Be3 Nf6 15. Qc2 Qb6 16. Rad1 Bf8 17. Nde2 Nfd7 18. f4 Qc7 19. Bf2 h5 20. Nd4 Nf6 21. Nf3 b6 22. Bxc5 bxc5 23. e5 Bf5 24. Qf2 dxe5 25. Nxe5 Re6 26. Qf3 Rae8 27. Kf1 Qc8 28. Nxc6 Bxh3 29. Rxe6 Qxe6 30. Bxh3 Qxh3+ 31. Qg2 Qf5 32. Ne5 Rxe5 0-1

[Event "Kathmandu Open 2018"]
[Site "Kathmandu"]
[Date "2018.04.16"]
[Round "8"]
[White "Prudhvi Kumar V"]
[Black "Gajwa Ankit"]
[Result "*"]
[WhiteElo "1836"]
[BlackElo "2292"]
[Annotator "TA"]
[PlyCount "42"]
[EventDate "2018.??.??"]
[EventType "swiss"]
[EventCountry "NEP"]
[SourceTitle "playchess.com"]
[Source "ChessBase"]
[SourceQuality "1"]

{[%evp 9,10,16,37]} 1. Nf3 Nf6 2. c4 g6 3. g3 Bg7 4. Bg2 O-O 5. d4 d6 {LiveBook: 12038 Games} {Predecessor:} 6. O-O $146 Nbd7 7. Nc3 e5 8. e4 exd4 9. Nxd4 Re8 10. h3 Nc5 11. Re1 Bd7 12. Rb1 a5 13. b3 h6 14. Kh2 Re5 15. f4 Rh5 16. f5 gxf5 17. exf5 Bxf5 18. Nxf5 Rxf5 19. Qc2 Qd7 20. Bf4 Rh5 21. Nd5 Ng4+ {0-1 (34) Ding,L (2777)-Grischuk,A (2772) Huaian 2017} *

[Event "Kathmandu Open 2018"]
[Site "Kathmandu"]
[Date "2018.04.16"]
[Round "8"]
[White "Shrestha, Rajendra Prasad"]
[Black "Ramaraju, N."]
[Result "1-0"]
[WhiteElo "1822"]
[BlackElo "2175"]
[Annotator "TA"]
[PlyCount "59"]
[EventDate "2018.??.??"]
[EventType "swiss"]
[EventCountry "NEP"]
[SourceTitle "playchess.com"]
[Source "ChessBase"]
[SourceQuality "1"]

{[%evp 22,59,31,-20,-13,-13,-12,-8,-12,-12,-13,-13,-14,-21,0,-2,0,16,64,47,181,44,299,18,120,108,125,107,95,93,169,161,271,268,275,274,915,914,914,229]} 1. e4 e5 2. Nf3 Nc6 3. Bb5 a6 4. Ba4 Nf6 5. O-O Be7 6. Re1 b5 7. Bb3 d6 8. h3 O-O 9. c3 Nb8 10. d4 Nbd7 11. Nbd2 Bb7 12. d5 {LiveBook: 8 Games. C95: Closed Ruy Lopez: Breyer Variation with 10 d4} (12. Bc2 $14) (12. Bc2 Re8 13. Nf1 Bf8 14. Ng3 g6 15. a4 Nb6 16. axb5 axb5 17. Bg5 Bg7 18. Bd3 Rxa1 19. Qxa1 c6 20. Be3 Qc7 21. dxe5 dxe5 22. Qc1 Bc8 23. Qc2 {½-½ (32) Anand,V (2767)-Carlsen,M (2834) Wijk aan Zee 2018}) 12... Nc5 13. Bc2 c6 14. b4 {And now dxc6 would win.The position is equal.} Ncd7 15. dxc6 Bxc6 16. Nf1 Qc7 $146 ({Predecessor:} 16... Nb6 17. Ng3 Re8 18. Bb3 h6 19. Nh2 Bd7 {1-0 (53) Zufic,M (2453)-Spalir,J (2377) Zadar 2014}) 17. Ng3 g6 18. Bh6 Rfe8 19. Bb3 {White wants to play Ng5.} Bf8 20. Qd2 $36 {[%mdl 2048] Black is under pressure.} Nb6 (20... a5 $1 $14) 21. Rad1 (21. Bxf8 $1 $18 Rxf8 22. Rad1) 21... Rad8 $2 {[%mdl 8192]} (21... Be7 $1 $14) 22. Nh4 $2 ({White must play} 22. Bxf8 $1 $18 Rxf8 23. Qg5) 22... d5 {[#]} (22... Kh8 $1 $11 {keeps the balance.}) 23. Bxf8 $1 $16 Rxf8 24. Qg5 Ne8 25. exd5 Bxd5 (25... Nxd5 $16 26. Ne4 (26. Qxe5 Qxe5 27. Rxe5 Nef6 $16) (26. Rxe5 f6 $17) 26... Nd6) 26. Rxe5 $18 ({Of course not} 26. Qxe5 $6 Qxe5 27. Rxe5 Nf6 $11) 26... Bxb3 (26... f6 {was worth a try.} 27. Rexd5 fxg5 28. Rxd8+ Nc4) 27. Rxd8 f6 28. Rexe8 fxg5 $2 (28... Qxd8 29. Rxf8+ (29. Rxd8 fxg5 30. Rxf8+ Kxf8 $18) 29... Qxf8) 29. Rxf8+ Kg7 {[#]} 30. Nh5+ $2 {Precision: White = 48%, Black = 25%.} (30. Nhf5+ $1 {[%mdl 512]} gxf5 31. axb3) 1-0

[Event "Kathmandu Open 2018"]
[Site "Kathmandu"]
[Date "2018.04.17"]
[Round "9"]
[White "Volkov, Sergey"]
[Black "Kaustuv, Kundu"]
[Result "1-0"]
[WhiteElo "2598"]
[BlackElo "2381"]
[Annotator "TA"]
[PlyCount "99"]
[EventDate "2018.??.??"]
[EventType "swiss"]
[EventCountry "NEP"]
[SourceTitle "playchess.com"]
[Source "ChessBase"]
[SourceQuality "1"]

{[%evp 26,99,60,58,63,29,20,14,14,20,14,16,26,23,34,33,26,26,49,52,55,31,50,48,56,50,57,50,43,36,35,47,63,19,60,28,28,17,57,45,50,45,113,112,107,77,104,93,83,117,163,163,219,219,281,274,306,254,420,412,402,373,331,251,303,229,363,363,586,584,861,859,812,736,736,736]} 1. d4 Nf6 2. c4 g6 3. Nc3 Bg7 4. e4 d6 5. Be2 O-O 6. Nf3 e5 7. Be3 Nbd7 8. O-O Re8 9. d5 Nh5 10. g3 {E94: King's Indian: Classical: 6 Be2 e5 7 0-0: Various Black 7th moves} Bf8 11. Ne1 Ng7 12. Ng2 (12. Nd3 f5 13. f3 Be7 14. Qd2 Nf6 15. c5 fxe4 16. fxe4 Ng4 17. Bxg4 Bxg4 {½-½ (39) Postny,E (2606)-Vovk,A (2636) Fagernes 2017}) 12... f5 13. f3 Be7 14. Qd2 {LiveBook: 3 Games} Nf6 15. exf5 $146 ({Predecessor:} 15. b4 fxe4 16. fxe4 Ng4 17. Bxg4 Bxg4 {0-1 (43) Jovanovic,V (2136)-Dembo,Y (2471) Valjevo 2011}) 15... Nxf5 16. Bf2 c5 17. dxc6 bxc6 18. g4 Ng7 19. Rad1 Be6 20. h3 d5 {[%cal Bd6d5,Bd5d4][%mdl 32]} 21. f4 d4 22. Qc2 Qa5 23. fxe5 dxc3 24. exf6 Bxf6 25. Be1 Be5 {[#] Threatens to win with ...Qb6+.} 26. Bxc3 Bxc3 27. Qxc3 Qxc3 28. bxc3 Rab8 29. Rd2 a5 30. Nf4 Bf7 31. Bf3 g5 32. Bxc6 gxf4 33. Bxe8 Nxe8 ({Black should play} 33... Rxe8 $14 34. Rxf4 Rc8) 34. Rxf4 $16 Rc8 35. Rf5 Rxc4 36. Rxa5 Rxc3 37. Kh2 Bg6 38. Ra7 Rc8 (38... h5 $142 39. a4 hxg4) 39. a4 $18 {[%cal Ba2a4,Ba4a5][%mdl 32]} Nf6 40. a5 Ne4 41. Re2 Kf8 $2 {[#]} (41... Ng5 {was worth a try.} 42. a6 Rc3) 42. h4 {[%cal Bh3h4,Bh4h5][%mdl 32]} Nc5 43. h5 Bd3 44. Re3 Rd8 45. Re5 Na6 (45... Rc8 {keeps fighting.} 46. Kg2 Na6) 46. Kg3 Rd6 $2 (46... Rc8 {is a better defense.} 47. Ree7 Nb4 48. Rf7+ Kg8) 47. Ree7 {White is clearly winning.} Rd8 48. Rf7+ Kg8 49. Rg7+ Kh8 50. Rgd7 {Precision: White = 74%, Black = 39%.} 1-0

[Event "Kathmandu Open 2018"]
[Site "Kathmandu"]
[Date "2018.04.17"]
[Round "9"]
[White "Tarlev, Konstantin"]
[Black "Gusain, Himal"]
[Result "1/2-1/2"]
[WhiteElo "2549"]
[BlackElo "2413"]
[Annotator "TA"]
[PlyCount "76"]
[EventDate "2018.??.??"]
[EventType "swiss"]
[EventCountry "NEP"]
[SourceTitle "playchess.com"]
[Source "ChessBase"]
[SourceQuality "1"]

{[%evp 15,76,-17,-29,-36,-18,-93,-3,-4,0,0,11,1,15,13,43,29,77,21,24,17,28,0,7,0,0,1,0,0,17,9,21,9,18,0,12,12,14,0,0,0,19,0,22,0,23,0,15,13,13,12,18,18,43,46,39,29,38,46,51,18,15,0,0]} 1. b3 e5 2. Bb2 Nc6 3. e3 d5 4. Bb5 Bd6 5. Nf3 f6 6. c4 a6 {A01: Nimzowitsch-Larsen Opening} (6... Nge7 7. Nc3 a6 8. Ba4 O-O 9. O-O Nb4 10. d4 e4 11. Ne1 Be6 12. a3 Nbc6 13. Bxc6 bxc6 14. c5 Bxh2+ 15. Kxh2 {½-½ (62) Zhao,X (2506)-Kosteniuk,A (2554) Huaian 2016}) 7. cxd5 axb5 8. dxc6 bxc6 {LiveBook: 3 Games} 9. Qc2 Ne7 10. d4 {[#]} (10. a3 $11 {keeps the balance.}) 10... exd4 (10... e4 $1 $17 {[%cal Re4f3][%mdl 512]} 11. Nfd2 (11. Qxe4 $2 Bf5 $19) 11... f5) 11. Nxd4 $11 Qd7 $146 ({Predecessor:} 11... Bd7 12. O-O O-O 13. Nc3 f5 14. f4 {0-1 (54) Musselman,C (1854)-Sycz,D (2143) Shrivenham 2016}) 12. Nc3 f5 13. O-O O-O 14. b4 f4 15. Ne4 h6 16. Nc5 (16. Nxd6 $16 cxd6 17. exf4) 16... Bxc5 17. Qxc5 Qd6 18. e4 Qxc5 19. bxc5 Ng6 20. Nxc6 {With the idea f3.} Bb7 21. Nb4 Bxe4 22. f3 Bf5 23. Rfe1 Rfe8 24. c6 Rxe1+ 25. Rxe1 Rd8 26. Bc3 Kf7 27. Kf2 h5 28. Rc1 Nf8 29. Re1 Ng6 30. g3 fxg3+ 31. hxg3 Be6 32. Rh1 Rh8 33. a3 Ne7 34. Be5 Bd5 35. Rc1 {aiming for Rc5.} Rh6 36. Bxc7 Bxc6 37. Bd8 Bd7 38. Rc7 Rd6 {Precision: White = 51%, Black = 44%.} 1/2-1/2

[Event "Kathmandu Open 2018"]
[Site "Kathmandu"]
[Date "2018.04.17"]
[Round "9"]
[White "Greenfeld, Alon"]
[Black "Shyaamnikhil P"]
[Result "1/2-1/2"]
[WhiteElo "2490"]
[BlackElo "2385"]
[Annotator "TA"]
[PlyCount "46"]
[EventDate "2018.??.??"]
[EventType "swiss"]
[EventCountry "NEP"]
[SourceTitle "playchess.com"]
[Source "ChessBase"]
[SourceQuality "1"]

{[%evp 16,46,39,18,46,17,15,14,13,0,-8,-6,-16,-14,-6,-23,24,0,0,0,0,0,0,0,0,0,0,0,0,0,0,0,0]} 1. Nf3 d5 2. e3 Nf6 3. c4 c6 4. Nc3 g6 5. d4 Bg7 6. Be2 O-O 7. O-O b6 8. b4 dxc4 {D94: Grünfeld: 4 Nf3 Bg7 5 e3} 9. Bxc4 {LiveBook: 8 Games} Nd5 10. Qb3 {[%cal Rc4d5]} Nxc3 11. Qxc3 Bb7 $146 ({Predecessor:} 11... a5 12. Bb2 axb4 13. Qxb4 c5 14. Qd2 Nc6 15. Rfd1 cxd4 16. Nxd4 Nxd4 17. Bxd4 Bxd4 18. Qxd4 Qxd4 19. Rxd4 {½-½ (49) Belozerov,A (2538)-Burmakin,V (2541) Sochi 2006}) 12. Ne5 Nd7 13. Bb2 Nxe5 14. dxe5 a5 15. Rad1 Qc8 16. a3 c5 {The position is equal.} 17. b5 Bxg2 18. Kxg2 {[#] Black must now prevent Be2.} Qg4+ 19. Kh1 Qf3+ 20. Kg1 {Bd5 is the strong threat.} Qg4+ 21. Kh1 {Strongly threatening f4.} Qf3+ 22. Kg1 Qg4+ 23. Kh1 {[#] Hoping for f4.} Qf3+ 1/2-1/2